Six Sigma+Lean toolset : (Record no. 22316)
[ view plain ]
| 000 -LEADER | |
|---|---|
| fixed length control field | 01163cam a22003135a 4500 |
| 001 - CONTROL NUMBER | |
| control field | 15409198 |
| 005 - DATE AND TIME OF LATEST TRANSACTION | |
| control field | 20201128023826.0 |
| 008 - FIXED-LENGTH DATA ELEMENTS--GENERAL INFORMATION | |
| fixed length control field | 080812t2008 gw a fr 001 0 eng d |
| 020 ## - INTERNATIONAL STANDARD BOOK NUMBER | |
| International Standard Book Number | 9783540323495 |
| 040 ## - CATALOGING SOURCE | |
| Original cataloging agency | UKM |
| Transcribing agency | UKM |
| Modifying agency | IWA |
| -- | VGM |
| -- | DLC |
| -- | EG-ScBUE |
| Language of cataloging | eng |
| 041 1# - LANGUAGE CODE | |
| Language code of text/sound track or separate title | eng |
| Language code of original and/or intermediate translations of text | ger |
| 082 04 - DEWEY DECIMAL CLASSIFICATION NUMBER | |
| Classification number | 658.4013 |
| Edition number | 22 |
| Item number | SIX |
| 245 00 - TITLE STATEMENT | |
| Title | Six Sigma+Lean toolset : |
| Remainder of title | executing improvement projects successfully / |
| Statement of responsibility, etc | [editor] Stephan Lunau ... [et al.] ; translated by Astrid Schmitz. |
| 246 3# - VARYING FORM OF TITLE | |
| Title proper/short title | Six Sigma plus Lean toolset |
| 260 ## - PUBLICATION, DISTRIBUTION, ETC. (IMPRINT) | |
| Place of publication, distribution, etc | Berlin : |
| Name of publisher, distributor, etc | Springer-Verlag, |
| Date of publication, distribution, etc | c.2008. |
| 300 ## - PHYSICAL DESCRIPTION | |
| Extent | viii, 315 p. : |
| Other physical details | ill. ; |
| Dimensions | 24 cm. |
| 500 ## - GENERAL NOTE | |
| General note | Index : p. 296-313. |
| 541 ## - IMMEDIATE SOURCE OF ACQUISITION NOTE | |
| Source of acquisition | Text in English ; translated from German.<br/> |
| 650 #7 - SUBJECT ADDED ENTRY--TOPICAL TERM | |
| Topical term or geographic name as entry element | Six sigma (Quality control standard) |
| Source of heading or term | BUEsh |
| 9 (RLIN) | 4820 |
| 650 #7 - SUBJECT ADDED ENTRY--TOPICAL TERM | |
| Topical term or geographic name as entry element | Total quality management. |
| Source of heading or term | BUEsh |
| 9 (RLIN) | 2364 |
| 650 #0 - SUBJECT ADDED ENTRY--TOPICAL TERM | |
| Topical term or geographic name as entry element | Quality control |
| General subdivision | Statistical methods. |
| Source of heading or term | BUEsh |
| 9 (RLIN) | 10054 |
| 650 #7 - SUBJECT ADDED ENTRY--TOPICAL TERM | |
| Topical term or geographic name as entry element | Production management. |
| Source of heading or term | BUEsh |
| 9 (RLIN) | 1855 |
| 650 #7 - SUBJECT ADDED ENTRY--TOPICAL TERM | |
| Topical term or geographic name as entry element | Organizational effectiveness. |
| Source of heading or term | BUEsh |
| 9 (RLIN) | 891 |
| 651 ## - SUBJECT ADDED ENTRY--GEOGRAPHIC NAME | |
| Source of heading or term | BUEsh |
| 653 ## - INDEX TERM--UNCONTROLLED | |
| Resource For college | Engineering, Civil |
| Arrived date list | September2016 |
| 700 1# - ADDED ENTRY--PERSONAL NAME | |
| Personal name | Lunau, Stephan. |
| Relator term | editor. |
| 700 1# - ADDED ENTRY--PERSONAL NAME | |
| Personal name | Schmitz, Astrid, |
| Relator term | translator. |
| 942 ## - ADDED ENTRY ELEMENTS (KOHA) | |
| Source of classification or shelving scheme | Dewey Decimal Classification |
| Withdrawn status | Item status | Source of classification or shelving scheme | Damaged status | Not for loan | Vendor | Home library | Current library | Shelving location | Date acquired | Source of acquisition | Cost, normal purchase price | Serial Enumeration / chronology | Total Checkouts | Total Renewals | Full call number | Barcode | Date last seen | Date last borrowed | Cost, replacement price | Koha item type |
|---|---|---|---|---|---|---|---|---|---|---|---|---|---|---|---|---|---|---|---|---|
| Dewey Decimal Classification | Scientific home BookShop | Central Library | Central Library | First floor | 07/09/2016 | Purchase | 825.00 | 2690 | 3 | 30 | 658.4013 SIX | 000033563 | 15/07/2025 | 02/02/2021 | 1031.00 | Book - Borrowing |